Ekonomika, organizácia a riadenie podnikov PPoK v etape intenzifikácie reprodukčného procesu Správa za 1. kontrolovateľnú etapu HÚ SPEV 802529512
Salvato in:
| Autore principale: | |
|---|---|
| Natura: | Libro |
| Lingua: | slovacco |
| Pubblicazione: |
Bratislava
Výskumný ústav ekonomiky poľnohospodárstva a potravinárstva
1988
|
| Edizione: | 1. vyd. |
| Tags: |
Nessun Tag, puoi essere il primo ad aggiungerne!!
|
MARC
| LEADER | 00000nam a2200000 4500 | ||
|---|---|---|---|
| 001 | c031031 | ||
| 005 | 20221219091542.1 | ||
| 041 | 0 | |a slo | |
| 044 | |a SK | ||
| 245 | 1 | 0 | |a Ekonomika, organizácia a riadenie podnikov PPoK v etape intenzifikácie reprodukčného procesu |b Správa za 1. kontrolovateľnú etapu HÚ SPEV 802529512 |c Gejza Blaas |
| 250 | |a 1. vyd. | ||
| 264 | 1 | |a Bratislava |b Výskumný ústav ekonomiky poľnohospodárstva a potravinárstva |c 1988 | |
| 300 | |a 155 s. | ||
| 100 | 1 | |a Blaas, Gejza | |